ACSM's guidelines for exercise testing and prescription / (رقم التسجيلة. 79711)
[ عرض عادي ]
| 000 -الفاتح | |
|---|---|
| حقل البيانات ثابتة الطول | 03491cam a2200553 i 4500 |
| 001 - رقم الضبط | |
| رقم الضبط | 1163932610 |
| 003 - محدد رقم الضبط | |
| رقم الضبط | OCoLC |
| 005 - وقت وتاريخ اخر تعامل مع التسجيلة | |
| رقم الضبط | 20220314115720.0 |
| 008 - عناصر البيانات ثابتة الطول - معلومات عامة | |
| حقل البيانات ثابتة الطول | 200701s2022 paua b 001 0 eng |
| 010 ## - رقم ضبط مكتبة الكونجرس | |
| رقم ضبط مكتبة الكونجرس | 2020029779 |
| 020 ## - الرقم الدولى المعيارى للكتب | |
| الرقم الدولى المعيارى للكتاب | 9781975150181 |
| Qualifying information | spiral bound |
| 020 ## - الرقم الدولى المعيارى للكتب | |
| الرقم الدولى المعيارى للكتاب | 197515018X |
| Qualifying information | spiral bound |
| 020 ## - الرقم الدولى المعيارى للكتب | |
| الرقم الدولى المعيارى للكتاب | 9781975150198 |
| Qualifying information | paperback |
| 020 ## - الرقم الدولى المعيارى للكتب | |
| الرقم الدولى المعيارى للكتاب | 1975150198 |
| Qualifying information | paperback |
| 020 ## - الرقم الدولى المعيارى للكتب | |
| الرقم الدولى المعيارى للكتاب الملغى /الخاطئ | 9781975150211 |
| Qualifying information | electronic publication |
| 020 ## - الرقم الدولى المعيارى للكتب | |
| الرقم الدولى المعيارى للكتاب الملغى /الخاطئ | 9781975150228 |
| Qualifying information | electronic book |
| 035 ## - رقم ضبط النظام | |
| رقم ضبط النظام | (OCoLC)1163932610 |
| رقم الضبط الملغى والمتاح | (OCoLC)1247383516 |
| 040 ## - مصدر الفهرسة | |
| وكالة الفهرسة الأصلية | DNLM/DLC |
| لغة الفهرسة | eng |
| قواعد الوصف | rda |
| وكالة النسخ | DLC |
| وكالة التعديل | OCLCO |
| -- | YDX |
| -- | ONB |
| -- | YDX |
| -- | OCLCO |
| -- | OCLCA |
| 042 ## - رمز التحقق | |
| رمز التحقق | pcc |
| 050 04 - رقم طلب مكتبة الكونجرس | |
| رقم التصنيف | RC684.E9 |
| رقم المادة | A54 2022 |
| 060 00 - رقم الطلب بالمكتبة الطبية الوطنية | |
| رقم التصنيف | WE 103 |
| 060 #4 - رقم الطلب بالمكتبة الطبية الوطنية | |
| رقم التصنيف | WE 103 A5125a 2022 |
| 082 00 - رقم تصنيف ديوى العشرى | |
| رقم التصنيف | 615.82 |
| رقم الطبعة | 23 |
| رقم المادة | AGA |
| 096 ## - رقم استدعاء المكتبة الطبية الوطنية المحلى | |
| رقم التصنيف | WE 103 A5125a 2022 |
| 110 2# - المدخل الرئيسى - إسم هيئة | |
| اسم الهيئة أو اسم السلطة كمدخل | American College of Sports Medicine, |
| الدور | author, |
| -- | issuing body |
| 9 (RLIN) | 39347 |
| 245 10 - بيان العنوان | |
| العنوان | ACSM's guidelines for exercise testing and prescription / |
| بيان المسئوليه,etc | senior editor, Gary Liguori ; associate editors, Yuri Feito, Charles Fountaine, Brad A. Roy |
| 246 1# - العنوان الموازى | |
| عنوان صحيح/عنوان مختصر | American College of Sports Medicine's guidelines for exercise testing and prescription |
| 246 1# - العنوان الموازى | |
| عنوان صحيح/عنوان مختصر | Guidelines for exercise testing and prescription |
| 250 ## - بيان الطبعة | |
| بيان الطبعة | Eleventh edition |
| 264 #1 - النشر, التوزيع, ETC. (IMPRINT) | |
| مكان الناشر او الموزع | Philadelphia : |
| اسم الناشر او الموزع | Wolters Kluwer, |
| تاريخ النشر أو التوزيع | [2022] |
| 300 ## - الوصف المادى | |
| التعداد | xxxiv, 513 pages : |
| تفاصيل ماديه اخرى للوعاء | color illustrations ; |
| أبعاد الوعاء | 21 cm |
| 504 ## - تبصرة ببليوجرافية | |
| تبصرة ببليوجرافية,الخ | Includes bibliographical references and index |
| 505 0# - تبصرة محتويات-الفهرس | |
| تبصرة المحتويات المصاغة | Benefits and Risks Associated with Physical Activity -- Preexercise Evaluation -- Health-Related Physical Fitness Testing and Interpretation -- Clinical Exercise Test Data and Prognosis -- General Principles of Exercise Prescription -- Exercise Prescription for Healthy Populations with Special Considerations -- Environmental Considerations for Exercise Prescription -- Exercise Prescription for Individuals with Cardiovascular and Pulmonary Diseases -- Exercise Prescription for Individuals with Metabolic Disease and Brain Health and Brain-Related Disorders -- Exercise Testing and Prescription for Populations with Other Chronic Diseases and Health Conditions -- Brain Health and Brain-Related Disorders -- Behavioral Theories and Strategies for Promoting Exercise |
| 520 ## - التبصرة الخاصة بالتعليق أو التلخيص | |
| ملخص,الخ | "ACSM's Guidelines for Exercise Testing and Prescription is a unique book within the exercise science market. The book presents a series of guidelines for assessing fitness (testing) and prescribing exercise prescriptions). These guidelines are based on the latest primary research and change slightly - and changes are all evidence-based - with each new edition. The book is published with the American College of Sports Medicine (ACSM) and is written by a team of experts in the field"-- |
| 650 12 - المدخل الاضافى بالموضوع-مصطلح موضوعى | |
| مصطلح موضوعي أو اسم جغرافي كعنصر مدخل | Motor Activity. |
| 9 (RLIN) | 89414 |
| 650 22 - المدخل الاضافى بالموضوع-مصطلح موضوعى | |
| مصطلح موضوعي أو اسم جغرافي كعنصر مدخل | Exercise Test |
| التقسيم الفرعي العام | standards. |
| 9 (RLIN) | 89415 |
| 650 22 - المدخل الاضافى بالموضوع-مصطلح موضوعى | |
| مصطلح موضوعي أو اسم جغرافي كعنصر مدخل | Exercise Therapy |
| التقسيم الفرعي العام | standards. |
| 9 (RLIN) | 39341 |
| 650 22 - المدخل الاضافى بالموضوع-مصطلح موضوعى | |
| مصطلح موضوعي أو اسم جغرافي كعنصر مدخل | Physical Exertion. |
| 9 (RLIN) | 89416 |
| 650 #0 - المدخل الاضافى بالموضوع-مصطلح موضوعى | |
| مصطلح موضوعي أو اسم جغرافي كعنصر مدخل | Exercise tests |
| التقسيم الفرعي العام | Standards |
| 9 (RLIN) | 39342 |
| 650 #0 - المدخل الاضافى بالموضوع-مصطلح موضوعى | |
| مصطلح موضوعي أو اسم جغرافي كعنصر مدخل | Exercise therapy |
| التقسيم الفرعي العام | Standards |
| 9 (RLIN) | 39341 |
| 650 #0 - المدخل الاضافى بالموضوع-مصطلح موضوعى | |
| مصطلح موضوعي أو اسم جغرافي كعنصر مدخل | Exercise therapy |
| التقسيم الفرعي العام | Testing |
| 9 (RLIN) | 89417 |
| 655 #2 - مصطلح تكشيفى-نوع/شكل | |
| بيانات النوع/ الشكل أو المصطلح الأساسي | Guideline. |
| 9 (RLIN) | 88669 |
| 700 1# - المدخل الاضافى - اسم شخصى | |
| الإسم الشخصى | Liguori, Gary, |
| التواريخ المصاحبة للاسم | 1965- |
| الدور | editor |
| 9 (RLIN) | 89418 |
| 700 1# - المدخل الاضافى - اسم شخصى | |
| الإسم الشخصى | Feito, Yuri, |
| التواريخ المصاحبة للاسم | 1978- |
| الدور | editor |
| 9 (RLIN) | 89419 |
| 700 1# - المدخل الاضافى - اسم شخصى | |
| الإسم الشخصى | Fountaine, Charles |
| الشكل الأكمل للاسم | (Charles James), |
| الدور | editor |
| 9 (RLIN) | 89420 |
| 700 1# - المدخل الاضافى - اسم شخصى | |
| الإسم الشخصى | Roy, Brad, |
| الدور | editor |
| 9 (RLIN) | 89421 |
| 776 08 - مدخل الشكل المادى الاضافى | |
| نص العرض | Online version: |
| العنوان | ACSM's guidelines for exercise testing and prescription |
| الطبعة | Eleventh edition. |
| الناشر و مكان و تاريخ النشر | Philadelphia : Wolters Kluwer, [2021] |
| الرقم الدولى المعيارى للكتاب | 9781975150211 |
| رقم ضبط التسجيلة | (DLC) 2020029780 |
| 942 ## - عناصر المدخل الإضافي( كوها) | |
| مصدر التصنيف او مخطط الترفيف | Dewey Decimal Classification |
| Koha [default] item type | كتاب |
| حالة الفقد | نموذج السعر الفعال | حالة تلف | ليس للاعارة | رقم الطلب | تاريخ الاكتساب | الموقع الحالي | الباركود | الفرع الرئيسي | Date last seen | نوع المادة فى نظام كوها | مصدر التصنيف او خطة الترفيف | Total Checkouts |
|---|---|---|---|---|---|---|---|---|---|---|---|---|
| 2022-03-14 | 615.82 AGA | 2022-03-14 | المكتبة المركزية بالمجمعة (CL) | 00168768 | المكتبة المركزية بالمجمعة (CL) | 2022-03-14 | كتاب | Dewey Decimal Classification | ||||
| 2022-03-14 | 615.82 AGA | 2022-03-14 | المكتبة المركزية بالمجمعة (CL) | 00168769 | المكتبة المركزية بالمجمعة (CL) | 2022-03-14 | كتاب | Dewey Decimal Classification | ||||
| 2022-03-14 | 615.82 AGA | 2022-03-14 | المكتبة المركزية بالمجمعة (CL) | 00168770 | المكتبة المركزية بالمجمعة (CL) | 2022-03-14 | كتاب | Dewey Decimal Classification | ||||
| 2022-03-14 | 615.82 AGA | 2022-03-14 | مكتبة كلية العلوم الطبية التطبيقية بالمجمعة - طالبات (AMF) | 00168771 | مكتبة كلية العلوم الطبية التطبيقية بالمجمعة - طالبات (AMF) | 2022-03-14 | كتاب | Dewey Decimal Classification | ||||
| 2022-03-14 | 615.82 AGA | 2022-03-14 | مكتبة كلية العلوم الطبية التطبيقية بالمجمعة - طالبات (AMF) | 00168772 | مكتبة كلية العلوم الطبية التطبيقية بالمجمعة - طالبات (AMF) | 2022-03-14 | كتاب | Dewey Decimal Classification |
